000 00393nmm a2200145Ia 4500
008 251105s9999||||xx |||||||||||||||||und||
041 _aspa
100 _aGómez Rufo, Antonio
245 0 _aMadrid
264 _a[Madrid, España] :
_bEdiciones B,
_c2016
300 _a802 páginas
650 _aHistorical fiction
856 _uhttps://public.digitaliapublishing.com/a/53717
942 _cCF
999 _c106179
_d106179